Najmniejsza korupcja na świecie - 2024 - Top 20 - Statystyki

Ogólne statystyki
  • Ten quiz został rozwiązany 23 razy
  • Średni wynik to 14 z 20
Statystyki odpowiedzi
Pozycja Wynik (im więcej, tym mniejsza korupcja) Państwo % Poprawnych
2. 88 Finlandia
90%
15. 75 Kanada
90%
15. 75 Niemcy
90%
5. 81 Norwegia
90%
8. 80 Szwecja
90%
10. 77 Australia
85%
1. 90 Dania
85%
5. 81 Luksemburg
85%
5. 81 Szwajcaria
85%
10. 77 Islandia
80%
19. 71 Japonia
80%
9. 78 Holandia
70%
10. 77 Irlandia
70%
4. 83 Nowa Zelandia
70%
13. 76 Estonia
65%
3. 84 Singapur
65%
19. 71 Wielka Brytania
65%
13. 76 Urugwaj
10%
17. 72 Seszele
5%
17. 72 Bhutan
0%
Nie znaleziono quizów pasujących do podanych kryteriów
Rozkład punktacji
Procent ludzi z każdym wynikiem
Percentyl według liczby udzielonych odpowiedzi
Twoja historia wyników
Nie rozwiązałeś tego quizu